Making RFID work: the world largest university library RFID implementation (Record no. 16714)
[ view plain ]
| 000 -LEADER | |
|---|---|
| fixed length control field | 00557nam a2200169Ia 4500 |
| 082 ## - DEWEY DECIMAL CLASSIFICATION NUMBER | |
| Classification number | RR 025.04 YEN-M |
| 100 ## - MAIN ENTRY--AUTHOR NAME | |
| Personal name | Yen, Benjamin |
| 245 #0 - TITLE STATEMENT | |
| Title | Making RFID work: the world largest university library RFID implementation |
| 260 ## - PUBLICATION, DISTRIBUTION, ETC. (IMPRINT) | |
| Place of publication | Harvard |
| Name of publisher | Asia Case Research Centre, University of |
| Year of publication | 2009 |
| 300 ## - PHYSICAL DESCRIPTION | |
| Number of Pages | 31 |
| 440 ## - SERIES STATEMENT/ADDED ENTRY--TITLE | |
| Title | Poon Kam Kai Series; HKU866 |
| 500 ## - GENERAL NOTE | |
| General note | Available with Director |
| 650 ## - SUBJECT ADDED ENTRY--TOPICAL TERM | |
| Topical Term | Libraries |
| Form subdivision | Automation |
| 650 ## - SUBJECT ADDED ENTRY--TOPICAL TERM | |
| Topical Term | Academic libraries |
| Form subdivision | Automation |
| 650 ## - SUBJECT ADDED ENTRY--TOPICAL TERM | |
| Topical Term | Radio Frequency Identification Technology (RFID) |
| 942 ## - ADDED ENTRY ELEMENTS (KOHA) | |
| Koha item type | Books |
| Source of classification or shelving scheme | Dewey Decimal Classification |
| Withdrawn status | Lost status | Damaged status | Not for loan | Home library | Current library | Date acquired | Source of acquisition | Bill Date | Full call number | Accession Number | Price effective from | Koha item type |
|---|---|---|---|---|---|---|---|---|---|---|---|---|
| NASSDOC Library | NASSDOC Library | 13/06/2011 | HB | 2011-02-18 | RR 025.04 YEN-M | 46826 | 18/04/2019 | Books | ||||
| NASSDOC Library | NASSDOC Library | 13/06/2011 | HB | 2011-02-18 | RR 025.04 YEN-M | 46827 | 18/04/2019 | Books | ||||
| NASSDOC Library | NASSDOC Library | 13/06/2011 | HB | 2011-02-18 | RR 025.04 YEN-M | 46828 | 18/04/2019 | Books | ||||
| NASSDOC Library | NASSDOC Library | 13/06/2011 | HB | 2011-02-18 | RR 025.04 YEN-M | 46829 | 18/04/2019 | Books | ||||
| NASSDOC Library | NASSDOC Library | 13/06/2011 | HB | 2011-02-18 | RR 025.04 YEN-M | 46830 | 18/04/2019 | Books | ||||
| NASSDOC Library | NASSDOC Library | 13/06/2011 | HB | 2011-02-18 | RR 025.04 YEN-M | 46831 | 18/04/2019 | Books | ||||
| NASSDOC Library | NASSDOC Library | 13/06/2011 | HB | 2011-02-18 | RR 025.04 YEN-M | 46832 | 18/04/2019 | Books | ||||
| NASSDOC Library | NASSDOC Library | 13/06/2011 | HB | 2011-02-18 | RR 025.04 YEN-M | 46833 | 18/04/2019 | Books | ||||
| NASSDOC Library | NASSDOC Library | 13/06/2011 | HB | 2011-02-18 | RR 025.04 YEN-M | 46834 | 18/04/2019 | Books | ||||
| NASSDOC Library | NASSDOC Library | 13/06/2011 | HB | 2011-02-18 | RR 025.04 YEN-M | 46835 | 18/04/2019 | Books |
